[Event "Gibraltar Masters 10th"]
[Site "Caleta"]
[Date "2012.01.26"]
[Round "3"]
[White "Amos, Frank"]
[Black "Puroila, Sippo"]
[Result "1/2-1/2"]
[WhiteElo "2171"]
[BlackElo "1906"]
[PlyCount "132"]
[EventDate "2012.01.24"]
[EventType "swiss"]
[EventRounds "10"]
[EventCountry "GGB"]
[SourceTitle "CBM 147"]
[Source "ChessBase"]
[SourceDate "2012.03.16"]
[SourceVersion "1"]
[SourceVersionDate "2012.03.16"]
[SourceQuality "1"]

1. e4 e5 2. Nc3 Nc6 3. Bc4 Nf6 4. d3 d6 5. f4 Be6 6. Bb5 a6 7. Ba4 b5 8. Bb3 Bxb3 9. axb3 Be7 10. Nf3 0-0 11. 0-0 exf4 12. Bxf4 b4 13. Nd5 Nxd5 14. exd5 Ne5 15. Nd4 Qd7 16. Qe1 Ng6 17. Bd2 Bf6 18. Rxf6 gxf6 19. Qg3 Rfe8 20. Rf1 Qe7 21. Nf5 Qe5 22. Qh3 Kh8 23. Be3 Qxd5 24. Qh6 Rg8 25. Bd4 Qe6 26. Nxd6 Rg7 27. Rxf6 Qd5 28. Rf4 Ne5 29. Nxf7+ Kg8 30. Ng5 c5 31. Bxe5 Qxe5 32. Qe6+ Qxe6 33. Nxe6 Re7 34. Nxc5 Re2 35. Rc4 Rf8 36. h3 Rff2 37. Rg4+ Kf8 38. Nxa6 Rxc2 39. Nxb4 Rcd2 40. Nd5 Rxb2 41. b4 Rfd2 42. Nf4 Kf7 43. Kh2 Rxb4 44. Kg3 Rb3 45. h4 Rdxd3+ 46. Nxd3 Rxd3+ 47. Kf4 Rd5 48. Rg5 Rd4+ 49. Kg3 Ra4 50. Kh3 Rb4 51. h5 Kf6 52. Rg8 Ra4 53. g4 Kf7 54. Rg5 Kf6 55. Rf5+ Kg7 56. g5 Rb4 57. Rc5 Ra4 58. Kg3 Rb4 59. Rc7+ Kg8 60. Re7 Ra4 61. Re3 Kg7 62. Rf3 Rb4 63. Rf4 Rb3+ 64. Kg4 Rb5 65. Re4 Ra5 66. Kf4 h6 1/2-1/2

[Event "Wuerttemberg-ch MT"]
[Site "Lauffen am Neckar"]
[Date "2011.09.03"]
[Round "8"]
[White "Kabisch, Thilo"]
[Black "Amos, Frank"]
[Result "1/2-1/2"]
[WhiteElo "2313"]
[BlackElo "2131"]
[PlyCount "75"]
[EventDate "2011.08.27"]
[EventType "swiss"]
[EventRounds "9"]
[EventCountry "GER"]
[SourceTitle "EXT 2017"]
[Source "ChessBase"]
[SourceDate "2016.10.25"]
[SourceVersion "1"]
[SourceVersionDate "2016.10.25"]
[SourceQuality "1"]

1. e4 e5 2. Nf3 Nc6 3. Bb5 a6 4. Ba4 Nf6 5. 0-0 Nxe4 6. d4 b5 7. Bb3 d5 8. dxe5 Be6 9. c3 Be7 10. Nbd2 0-0 11. Nd4 Nxd4 12. cxd4 Nxd2 13. Bxd2 c5 14. Be3 c4 15. Bc2 Qd7 16. Qb1 h6 17. f4 f5 18. Kh1 g6 19. g4 Kh7 20. Rg1 Rg8 21. gxf5 Bxf5 22. Bxf5 Qxf5 23. Qxf5 gxf5 24. Rg3 a5 25. Rag1 Bh4 26. Rh3 Rxg1+ 27. Kxg1 Be7 28. Kf1 b4 29. Ke2 Rg8 30. Rg3 Bh4 31. Rxg8 Kxg8 32. Bd2 Be7 33. Be1 Kf7 34. Kd2 Ke6 35. Kc2 Kd7 36. a3 Kc6 37. a4 Kd7 38. b3 1/2-1/2